000 00481nam a2200181 i 4500
001 2-00278929
003 PPAK
005 20180728113146.0
008 070410s my |||| ||||| | may d
022 _a0126-5938
040 _aPPAK
_beng
_cPPAK
_erda
245 0 0 _aDakwah (Jan-Dis 1993)
264 1 _aKuala Lumpur:
_bYayasan Dakwah Islamiah Malaysia (YADIM),
336 _2rdacontent
_atext
337 _2rdamedia
_aunmediated
338 _2rdacarrier
_avolume
942 _ddc
_cSR
999 _c168558
_d168558